Statistiques concernant Les districts du Bangladesh sur une carte

Cliquez ici pour prendre le quiz!

Statistiques générales

  • Ce quiz a été pris 8 fois
  • Le résultat moyen est 11 sur 64

Réponses sur la Carte

Les réponses sont colorées sur une échelle allant du rouge au vert en fonction du pourcentage des utilisateurs qui les ont devinées à leur premier essai. Vous pouvez retrouver ces pourcentages ci-dessous.
 

Statistiques - réponses

PopulationDivisionDistrict% Correct
9,439,076ChittagongChittagong
100%
15,210,154DaccaDacca
100%
2,634,207BarisalBarisal
50%
2,906,278ChittagongCox's Bazar
50%
6,097,863MymensinghMymensingh
50%
3,243,248RangpurRangpur
50%
3,989,914SylhetSylhet
50%
1,980,447BarisalBhola
25%
3,815,195RâjshâhîBogra
25%
6,394,875ChittagongComilla
25%
3,392,254RangpurDinajpur
25%
2,232,769DaccaFaridpur
25%
1,697,379ChittagongFeni
25%
2,621,755RangpurGaibandha
25%
5,433,563DaccaGazipur
25%
977,149RâjshâhîJaipurhat
25%
2,583,984MymensinghJamalpur
25%
3,147,039KhulnâJessore
25%
2,673,002KhulnâKhulnâ
25%
3,373,223DaccaKishoreganj
25%
1,334,811DaccaMadaripur
25%
1,608,371DaccaManikganj
25%
2,196,599SylhetMaulvi bazar
25%
2,844,920RâjshâhîNaogaon
25%
4,035,462DaccaNarayanganj
25%
1,900,212RâjshâhîNatore
25%
1,875,290RâjshâhîNawabganj
25%
2,972,652RâjshâhîPabna
25%
1,770,096BarisalPatuakhali
25%
2,978,160RâjshâhîRâjshâhî
25%
1,552,469MymensinghSherpur
25%
4,168,083DaccaTangail
25%
1,649,877KhulnâBagerhat
0%
495,255ChittagongBandarban
0%
1,035,595BarisalBarguna
0%
3,403,782ChittagongBrahmanbaria
0%
2,713,247ChittagongChandpur
0%
1,262,218KhulnâChuadanga
0%
1,336,903DaccaGopalganj
0%
2,440,151SylhetHabiganj
0%
677,560BarisalJhalakati
0%
2,051,607KhulnâJhenaidah
0%
735,116ChittagongKhagrachhari
0%
2,383,269RangpurKurigram
0%
2,198,731KhulnâKushtia
0%
1,995,098ChittagongLakshmipur
0%
1,461,589RangpurLalmonirhat
0%
1,056,683KhulnâMagura
0%
721,447KhulnâMeherpur
0%
1,677,943DaccaMunshiganj
0%
806,664KhulnâNarail
0%
2,667,968DaccaNarsingdi
0%
2,403,209MymensinghNetrokona
0%
2,141,179RangpurNilphamari
0%
3,731,846ChittagongNoakhali
0%
1,207,252RangpurPanchagarh
0%
1,227,913BarisalPirojpur
0%
1,228,270DaccaRajbari
0%
666,628ChittagongRangamati
0%
2,246,690KhulnâSatkhira
0%
1,336,395DaccaShariatpur
0%
3,430,445RâjshâhîSirajganj
0%
2,788,357SylhetSunamganj
0%
1,569,528RangpurThakurgaon
0%

Distribution des résultats

Percentile par nombre de réponses

% des personnes avec chaque résultat

Votre développement - résultats

Vous n’avez pas pris ce quiz